Rusi a katolíci

Bibliographic Details
Main Author: Uzzell, Lawrence (Author)
Other Authors: Suchy, Jozef E. (Translator)
Format: Article
Language:Slovak
ISSN:1335-3470
Subjects:

MARC

LEADER 00000nab a2200000 a 4500
001 vtls000834566
003 SK-MaSNL
005 20260304210239.0
008 250429c2003 xo 0 slo
015 |a SNBRB2003/05-14483 
035 |a CLN000186221 
035 |a urn:nbn:sk:snk-ab95y1 
035 |a (urnnbn)urn:nbn:sk:snk:ar-006zor 
035 |a (uuid)b35b1046-9db5-4238-bee3-f27d57c7cd30 
040 |a SNKBUCL  |b slo  |c SNKBUCL  |e AACR2 
041 0 |a slo 
044 |a xo  |c SK 
080 |a 281.93(470):282  |2 1997 
080 |a 282  |2 1997 
100 1 |a Uzzell, Lawrence  |4 aut  |9 1541179 
245 1 0 |a Rusi a katolíci  |c Lawrence Uzzell ; z angličtiny preložil Jozef E. Suchy 
610 2 7 |a Katolícka cirkev  |2 SNKKA  |9 206702 
650 0 7 |a Rusi  |2 SNKPH  |9 26608 
650 0 7 |a antikatolicizmus  |2 SNKPH  |9 1541180 
655 7 |a články z novín a časopisov  |2 snkbucl  |9 267496 
700 1 |a Suchy, Jozef E.  |4 trl  |9 832140 
773 0 |t Kultúra  |g Roč. 6, č. 4 (2003), s. 6  |x 1335-3470 
850 |a Slovenská národná knižnica 
852 |a Slovenská národná knižnica 
954 |a odborná, vedecká literatúra pôvodná (slovenská)  |2 lita 
958 |a article13 
958 |a OND 
958 |a RU 
958 |a EUIPO 
992 |a RBX 
999 |c 3125213  |d 3127143